UBT Library

Riding the waves of innovation : (Record no. 908)

000 -LEADER
fixed length control field 00730nam a22002177a 4500
008 - FIXED-LENGTH DATA ELEMENTS--GENERAL INFORMATION
fixed length control field 150527b xxu||||| |||| 00| 0 eng d
020 ## - INTERNATIONAL STANDARD BOOK NUMBER
International Standard Book Number 9780071714761
041 0# - LANGUAGE CODE
Language code of text/sound track or separate title ENG
080 ## - UNIVERSAL DECIMAL CLASSIFICATION NUMBER
Edition identifier 658 TRO
100 ## - Rafti
Rafti Trompenaars, Alfons.
245 00 - TITLE STATEMENT
Title Riding the waves of innovation :
Statement of responsibility, etc Fons Trompenaars, Charles Hampden-Turner.
260 ## -
-- New York :
-- McGraw-Hill,
-- c2010.
300 ## -
-- 262 f
-- ME IL
-- 24 cm.
500 ## -
-- Preface: f VII-IX
505 ## -
-- Index
505 ## -
-- bibliografi
650 #0 -
-- Organizational change
-- Management.
650 #0 -
-- International business enterprises
-- Management.
700 ## -
-- Hampden-Turner, Charles.
942 ## - ADDED ENTRY ELEMENTS (KOHA)
Source of classification or shelving scheme
Item type Books
Holdings
Withdrawn status Lost status Source of classification or shelving scheme Damaged status Not for loan Collection code Permanent location Current location Shelving location Date acquired Total Checkouts Full call number Barcode Date last seen Price effective from Koha item type
          Koleksioni i përgjithshem UBT - Lipjan UBT - Lipjan Koleksioni i përgjithshem 05/27/2015   658 TRO 9780071714761 05/27/2015 05/27/2015 Books
UBT Library © 2015-2024. All rights reserved University Education for Business and Technology